[Event "IBCA World Cup 5th"]
[Site "Eretria"]
[Date "2005.07.18"]
[Round "6.2"]
[White "Zoltek, Tadeusz"]
[Black "Iordache, Traian"]
[Result "1-0"]
[WhiteElo "2273"]
[BlackElo "2146"]
[PlyCount "47"]
[EventDate "2005.07.13"]
[EventType "team"]
[EventRounds "8"]
[EventCountry "GRE"]
[SourceTitle "EXT 2006"]
[Source "ChessBase"]
[SourceDate "2005.11.24"]
[SourceVersion "1"]
[SourceVersionDate "2005.11.24"]
[SourceQuality "1"]

1. Nf3 d5 2. d4 e6 3. c4 Nf6 4. Nc3 Be7 5. Bg5 0-0 6. e3 Nbd7 7. Rc1 c6 8. cxd5 exd5 9. Bd3 Re8 10. 0-0 Nf8 11. Qc2 Ne4 12. Bxe7 Qxe7 13. Bxe4 dxe4 14. Nd2 f5 15. d5 Bd7 16. Qb3 Qf7 17. Nc4 Reb8 18. Ne5 Qe8 19. Nxd7 Qxd7 20. dxc6+ Qe6 21. cxb7 Qxb3 22. bxa8Q Qxb2 23. Qd5+ Kh8 24. Rb1 1-0

[Event "IBCA World Cup 5th"]
[Site "Eretria"]
[Date "2005.07.16"]
[Round "4.2"]
[White "Iordache, Traian"]
[Black "Konev, Viktor Dmitrievich"]
[Result "1-0"]
[WhiteElo "2146"]
[BlackElo "2119"]
[PlyCount "111"]
[EventDate "2005.07.13"]
[EventType "team"]
[EventRounds "8"]
[EventCountry "GRE"]
[SourceTitle "EXT 2006"]
[Source "ChessBase"]
[SourceDate "2005.11.24"]
[SourceVersion "1"]
[SourceVersionDate "2005.11.24"]
[SourceQuality "1"]

1. d4 Nf6 2. Nf3 e6 3. c4 b6 4. g3 Ba6 5. b3 Bb4+ 6. Bd2 Be7 7. Bg2 c6 8. Bc3 d5 9. Ne5 Nfd7 10. Nxd7 Nxd7 11. Nd2 0-0 12. 0-0 Rc8 13. Re1 f5 14. e3 Bf6 15. Rc1 Qe7 16. f4 Rfd8 17. cxd5 cxd5 18. Nf3 Qa3 19. Qd2 Be7 20. Qb2 Qxb2 21. Bxb2 Bb4 22. Rxc8 Rxc8 23. Rc1 Rxc1+ 24. Bxc1 h6 25. Bd2 Be7 26. Bf1 Bxf1 27. Kxf1 g5 28. Ne1 Kf7 29. Nd3 Bd6 30. Bb4 Ke7 31. Bxd6+ Kxd6 32. fxg5 hxg5 33. h4 gxh4 34. gxh4 e5 35. dxe5+ Nxe5 36. Nxe5 Kxe5 37. Ke2 b5 38. b4 a6 39. Kf3 d4 40. exd4+ Kxd4 41. Kf4 Kc4 42. h5 Kxb4 43. h6 Ka3 44. h7 Kxa2 45. h8Q b4 46. Qa8 b3 47. Qxa6+ Kb1 48. Qd3+ Ka1 49. Qd1+ Ka2 50. Qd5 Ka1 51. Qa5+ Kb1 52. Qxf5+ Ka1 53. Qa5+ Kb1 54. Ke3 b2 55. Kd3 Kc1 56. Qe1# 1-0

[Event "IBCA-ol blind 12th"]
[Site "La Pineda"]
[Date "2004.11.08"]
[Round "6.2"]
[White "Kuvsinov, Anatolij"]
[Black "Iordache, Traian"]
[Result "1/2-1/2"]
[WhiteElo "2022"]
[BlackElo "2146"]
[PlyCount "107"]
[EventDate "2004.11.03"]
[EventType "team-swiss"]
[EventRounds "9"]
[EventCountry "ESP"]
[SourceTitle "EXT 2010"]
[Source "ChessBase"]
[SourceDate "2010.11.25"]
[SourceVersion "1"]
[SourceVersionDate "2010.11.25"]
[SourceQuality "1"]
[WhiteTeam "Lithuania (blind)"]
[BlackTeam "Romania (blind)"]
[WhiteTeamCountry "LTU"]
[BlackTeamCountry "ROU"]

1. e4 c5 2. Nc3 Nc6 3. g3 g6 4. Bg2 Bg7 5. d3 e6 6. Be3 Nd4 7. Qd2 Ne7 8. Nd1 d6 9. c3 Ndc6 10. Bh6 0-0 11. Bxg7 Kxg7 12. Ne3 f5 13. f4 d5 14. e5 b5 15. d4 cxd4 16. cxd4 Qa5 17. Qxa5 Nxa5 18. Nf3 Nc4 19. Nd1 Bd7 20. a3 Rfc8 21. Bf1 a5 22. b3 Nb6 23. h4 h5 24. Rh2 Rc7 25. Rb2 Rac8 26. Rab1 Rc2 27. Bd3 Rxb2 28. Rxb2 a4 29. bxa4 Nxa4 30. Rc2 Rxc2 31. Bxc2 Nb6 32. Nb2 Nc4 33. Nxc4 dxc4 34. Kd2 Bc6 35. Ng5 Bd5 36. Kc3 Nc6 37. Bd1 Kf8 38. Bf3 Ke7 39. Bxd5 exd5 40. Nf3 Kd7 41. Ne1 b4+ 42. axb4 Na7 43. Nc2 Nb5+ 44. Kd2 Ke6 45. Kc1 Kd7 46. Kb2 Ke6 47. Na3 Nxd4 48. b5 Kd7 49. Kc3 Ne6 50. Nc2 Kc7 51. Nb4 Kb6 52. Nxd5+ Kxb5 53. Ne3 Nc5 54. Nd5 1/2-1/2

[Event "ROM-ch sf"]
[Site "Sovata"]
[Date "2001.03.12"]
[Round "4"]
[White "Iordache, Traian"]
[Black "Rendi, Eva"]
[Result "1-0"]
[WhiteElo "2192"]
[BlackElo "2052"]
[PlyCount "79"]
[EventDate "2001.03.10"]
[EventType "swiss"]
[EventRounds "11"]
[EventCountry "ROU"]
[SourceTitle "EXT 2008"]
[Source "ChessBase"]
[SourceDate "2007.11.25"]
[SourceVersion "1"]
[SourceVersionDate "2007.11.25"]
[SourceQuality "1"]

1. d4 Nf6 2. Nf3 g6 3. c4 Bg7 4. Nc3 0-0 5. e4 d6 6. Be2 Nbd7 7. 0-0 e5 8. Qc2 Ne8 9. Bg5 f6 10. Be3 h6 11. Rad1 f5 12. dxe5 dxe5 13. exf5 gxf5 14. Rfe1 c6 15. Bc5 Rf7 16. Ba3 Qf6 17. c5 Kh8 18. Nd2 b5 19. cxb6 Nxb6 20. Bh5 Be6 21. Bxf7 Bxf7 22. b3 Nc7 23. Nf1 Ncd5 24. Bb2 Qg5 25. Nxd5 Bxd5 26. Rxd5 Nxd5 27. Qxc6 Rd8 28. Bxe5 Bxe5 29. Rxe5 Nf4 30. Re3 Rg8 31. Ng3 h5 32. h4 Qg7 33. Kh2 Nxg2 34. Kxg2 f4 35. Re5 Qh7 36. Re6 fxg3 37. Rh6 gxf2+ 38. Kxf2 Rf8+ 39. Kg2 Rg8+ 40. Kh2 1-0

[Event "Centrocoop op"]
[Site "Eforie Nord"]
[Date "2000.??.??"]
[Round "?"]
[White "Iordache, Traian"]
[Black "Grunberg, Mihai Lucian"]
[Result "1/2-1/2"]
[WhiteElo "2220"]
[BlackElo "2400"]
[PlyCount "117"]
[EventDate "2000.??.??"]
[EventType "swiss"]
[EventRounds "9"]
[EventCountry "ROU"]
[SourceTitle "EXT 2004"]
[Source "ChessBase"]
[SourceDate "2003.11.25"]
[SourceVersion "1"]
[SourceVersionDate "2003.11.25"]
[SourceQuality "1"]

1. d4 f5 2. Nf3 Nf6 3. g3 g6 4. Bg2 Bg7 5. 0-0 0-0 6. b3 c6 7. Bb2 a5 8. a4 Ne4 9. Nbd2 d5 10. e3 Be6 11. Ne1 Nd7 12. f3 Nd6 13. Nd3 Qb6 14. f4 c5 15. Nf3 c4 16. Nde5 Ne4 17. Ba3 cxb3 18. cxb3 Rfc8 19. Re1 Bf6 20. Bf1 g5 21. fxg5 Nxg5 22. Nxg5 Bxg5 23. Nf3 Bf6 24. Qd3 Rc7 25. Rac1 Rac8 26. Rxc7 Rxc7 27. Rc1 Rxc1 28. Bxc1 Qc6 29. Bd2 b6 30. Bh3 Nf8 31. Bxf5 Bxf5 32. Qxf5 Kg7 33. g4 e6 34. Qd3 Ng6 35. Qc3 Qd7 36. h3 Bd8 37. Be1 b5 38. axb5 Qxb5 39. Qc2 Qb8 40. Kg2 Bc7 41. h4 Nf8 42. h5 Qb6 43. Bg3 Bxg3 44. Kxg3 Nd7 45. g5 Qb8+ 46. Kg4 Kh8 47. e4 dxe4 48. Qxe4 Qb6 49. Qa8+ Qb8 50. Qxa5 h6 51. Ne5 hxg5 52. Kxg5 Nf8 53. Ng6+ Nxg6 54. hxg6 Qg3+ 55. Kf6 Qf3+ 56. Kxe6 Qe3+ 57. Kf5 Qf3+ 58. Ke6 Qc6+ 59. Ke7 1/2-1/2

[Event "Centrocoop op"]
[Site "Eforie Nord"]
[Date "2000.??.??"]
[Round "?"]
[White "Iordache, Traian"]
[Black "Stefan, Bogdan Liviu"]
[Result "0-1"]
[WhiteElo "2220"]
[BlackElo "2110"]
[PlyCount "109"]
[EventDate "2000.??.??"]
[EventType "swiss"]
[EventRounds "9"]
[EventCountry "ROU"]
[SourceTitle "EXT 2004"]
[Source "ChessBase"]
[SourceDate "2003.11.25"]
[SourceVersion "1"]
[SourceVersionDate "2003.11.25"]
[SourceQuality "1"]

1. d4 g6 2. Nf3 Bg7 3. c4 d6 4. Nc3 Nf6 5. e4 0-0 6. Be2 c5 7. 0-0 cxd4 8. Nxd4 Nc6 9. Be3 Qa5 10. f3 Bd7 11. Qd2 Rfc8 12. Rfd1 a6 13. Rac1 Ne5 14. b3 Rab8 15. a4 Nc6 16. Nc2 Ng4 17. b4 Qe5 18. fxg4 Qxc3 19. b5 Qxd2 20. Bxd2 Ne5 21. Ne3 Be6 22. Nd5 Bxd5 23. exd5 axb5 24. cxb5 b6 25. Rxc8+ Rxc8 26. Rc1 Rxc1+ 27. Bxc1 Nd7 28. Be3 Bc3 29. g5 e5 30. Kf1 f5 31. gxf6 Kf7 32. Bg4 Nc5 33. Bxc5 dxc5 34. Ke2 Kxf6 35. Kd3 Bb4 36. d6 c4+ 37. Kxc4 Bxd6 38. Kd5 Bb4 39. h4 h5 40. Bf3 Be1 41. Be4 Bxh4 42. a5 bxa5 43. Bc2 Bf2 44. Kc6 g5 45. b6 h4 46. Kb5 g4 47. Kxa5 g3 48. Be4 Kg5 49. b7 Ba7 50. Kb4 Kf4 51. Bc6 e4 52. Bd7 Ke3 53. Bf5 h3 54. Bxh3 Kd2 55. Kc4 0-1

[Event "Centrocoop Sept op"]
[Site "Eforie Nord"]
[Date "1999.09.??"]
[Round "?"]
[White "Radlovacki, Jovan"]
[Black "Iordache, Traian"]
[Result "1-0"]
[WhiteElo "2380"]
[BlackElo "2198"]
[PlyCount "65"]
[EventDate "1999.09.??"]
[EventType "swiss"]
[EventRounds "11"]
[EventCountry "ROU"]
[SourceTitle "EXT 2004"]
[Source "ChessBase"]
[SourceDate "2003.11.25"]
[SourceVersion "1"]
[SourceVersionDate "2003.11.25"]
[SourceQuality "1"]

1. e4 c5 2. Nf3 Nc6 3. Bb5 g6 4. 0-0 Bg7 5. Re1 Nf6 6. d3 0-0 7. Nc3 d6 8. Bxc6 bxc6 9. e5 Nd5 10. Ne4 Bg4 11. c4 Nc7 12. exd6 exd6 13. Bg5 f6 14. Bf4 Ne8 15. h3 Bxf3 16. Qxf3 Rf7 17. Re2 Bf8 18. Rae1 Qd7 19. h4 Rd8 20. h5 g5 21. Bd2 h6 22. g4 f5 23. Ng3 fxg4 24. Qe4 d5 25. Qg6+ Kh8 26. Re6 Nd6 27. cxd5 cxd5 28. b4 Nb7 29. Nf5 g3 30. f4 cxb4 31. Bxb4 d4 32. Bxf8 Rdxf8 33. Qxh6+ 1-0

[Event "Centrocoop June op-A"]
[Site "Eforie Nord"]
[Date "1999.06.??"]
[Round "?"]
[White "Iordache, Traian"]
[Black "Tocan, Cristian"]
[Result "1-0"]
[WhiteElo "2198"]
[BlackElo "2285"]
[PlyCount "45"]
[EventDate "1999.06.??"]
[EventType "swiss"]
[EventRounds "11"]
[EventCountry "ROU"]
[SourceTitle "EXT 2004"]
[Source "ChessBase"]
[SourceDate "2003.11.25"]
[SourceVersion "1"]
[SourceVersionDate "2003.11.25"]
[SourceQuality "1"]

1. d4 d5 2. Nf3 Nc6 3. g3 Bf5 4. Bg2 e6 5. 0-0 Nb4 6. Na3 c5 7. c3 Nc6 8. dxc5 Bxc5 9. b4 Be7 10. Qa4 Bf6 11. Nd4 Bxd4 12. cxd4 Nf6 13. b5 Ne7 14. b6+ Nc6 15. Nb5 0-0 16. bxa7 Qb6 17. Ba3 Bc2 18. Qxc2 Qxb5 19. Rab1 Qa6 20. Bxf8 Nxd4 21. Qb2 Nxe2+ 22. Kh1 Kxf8 23. Rfe1 1-0

[Event "Centrocoop June op-A"]
[Site "Eforie Nord"]
[Date "1999.06.??"]
[Round "?"]
[White "Mosnegutu, Mariana"]
[Black "Iordache, Traian"]
[Result "1-0"]
[WhiteElo "2227"]
[BlackElo "2198"]
[PlyCount "77"]
[EventDate "1999.06.??"]
[EventType "swiss"]
[EventRounds "11"]
[EventCountry "ROU"]
[SourceTitle "EXT 2004"]
[Source "ChessBase"]
[SourceDate "2003.11.25"]
[SourceVersion "1"]
[SourceVersionDate "2003.11.25"]
[SourceQuality "1"]

1. e4 c5 2. Nf3 Nc6 3. Bb5 g6 4. Bxc6 dxc6 5. 0-0 Bg7 6. d3 e5 7. Be3 Qe7 8. Nbd2 Nf6 9. h3 0-0 10. Nc4 Nd7 11. a4 b6 12. Qd2 Re8 13. Ng5 f6 14. Nf3 Nf8 15. Nh2 Be6 16. Qc3 g5 17. Rfe1 Ng6 18. a5 b5 19. Nd2 Bf8 20. Nb3 c4 21. Nc5 cxd3 22. cxd3 Bf7 23. Nf1 Nf4 24. Ng3 Qd8 25. Rad1 b4 26. Qxb4 Rb8 27. Qc3 Bxc5 28. Qxc5 Rxb2 29. Qxa7 Re7 30. Qa6 Bb3 31. Rb1 Nxd3 32. Rxb2 Nxb2 33. Rb1 Nc4 34. Nf5 Rf7 35. Rxb3 Qd1+ 36. Kh2 Qxb3 37. Qc8+ Rf8 38. Qe6+ Kh8 39. Qe7 1-0

[Event "ROM-ch sf"]
[Site "Baile Tusnad"]
[Date "1999.??.??"]
[Round "5"]
[White "Iordache, Traian"]
[Black "Ionescu, Cristian Dan"]
[Result "1/2-1/2"]
[WhiteElo "2198"]
[BlackElo "2300"]
[PlyCount "122"]
[EventDate "1999.09.??"]
[EventType "swiss"]
[EventRounds "9"]
[EventCountry "ROU"]
[SourceTitle "EXT 2000"]
[Source "ChessBase"]
[SourceDate "1999.11.16"]
[SourceVersion "1"]
[SourceVersionDate "1999.11.16"]
[SourceQuality "1"]

1. d4 e6 2. Nf3 c5 3. c4 cxd4 4. Nxd4 Nf6 5. Nc3 Bb4 6. Qb3 Bc5 7. e3 0-0 8. Be2 Nc6 9. Qd1 d5 10. cxd5 exd5 11. Nxc6 bxc6 12. 0-0 Bd6 13. b3 Qe7 14. Bb2 Qe5 15. g3 Bh3 16. Re1 h5 17. Na4 Qf5 18. Bxf6 Qxf6 19. Bxh5 Bb4 20. Rf1 Bxf1 21. Qxf1 Rad8 22. Rd1 c5 23. Kg2 c4 24. Rd4 a5 25. Bf3 c3 26. Qd3 Rc8 27. Bd1 g6 28. Bc2 Rfd8 29. h4 Kg7 30. h5 gxh5 31. Qh7+ Kf8 32. Qxh5 Ke7 33. Rf4 Qg7 34. Qh4+ Kd6 35. Rf6+ Kc7 36. Qf4+ Bd6 37. Rxf7+ Kb8 38. Rxg7 Bxf4 39. gxf4 d4 40. Be4 Rg8 41. Rxg8 Rxg8+ 42. Kf1 Rc8 43. Bc2 d3 44. Bxd3 c2 45. Bxc2 Rxc2 46. a3 Ra2 47. Nc5 Rxa3 48. Ke2 Ra2+ 49. Kd3 Rxf2 50. b4 axb4 51. Na6+ Kc8 52. Nxb4 Kd7 53. Kd4 Ke6 54. Nd3 Ra2 55. e4 Ra4+ 56. Ke3 Ra3 57. Kd2 Kf6 58. Ke2 Ra2+ 59. Ke3 Ra3 60. Kd4 Ra4+ 61. Kd5 Ra1 1/2-1/2

[Event "Techirghiol op"]
[Site "Techirghiol"]
[Date "1999.??.??"]
[Round "?"]
[White "Iordache, Traian"]
[Black "Karacsony, Zsolt"]
[Result "1-0"]
[WhiteElo "2198"]
[BlackElo "2071"]
[PlyCount "113"]
[EventDate "1999.??.??"]
[EventType "swiss"]
[EventRounds "9"]
[EventCountry "ROU"]
[SourceTitle "EXT 2004"]
[Source "ChessBase"]
[SourceDate "2003.11.25"]
[SourceVersion "1"]
[SourceVersionDate "2003.11.25"]
[SourceQuality "1"]

1. d4 Nf6 2. Nf3 e6 3. c4 Nc6 4. Bg5 h6 5. Bxf6 Qxf6 6. Nc3 Bb4 7. Rc1 0-0 8. e3 d6 9. Be2 e5 10. 0-0 Bxc3 11. Rxc3 Bg4 12. d5 Ne7 13. e4 Ng6 14. Nd2 Bxe2 15. Qxe2 Nf4 16. Qe3 Qg6 17. g3 Nh3+ 18. Kg2 Ng5 19. h4 Nh7 20. c5 f5 21. exf5 Rxf5 22. cxd6 Qxd6 23. Qd3 Raf8 24. Ne4 Qe7 25. d6 cxd6 26. Nxd6 R5f6 27. Qd5+ Kh8 28. Ne4 Rb6 29. b3 Nf6 30. Nxf6 Rbxf6 31. Qc5 Qf7 32. Kg1 b6 33. Qe3 e4 34. Qe2 Rf3 35. Re3 Rxe3 36. Qxe3 Qd5 37. Re1 Qf5 38. Re2 Re8 39. f3 Qe5 40. fxe4 Rf8 41. Kg2 Qa1 42. Rf2 Rd8 43. e5 Qd4 44. Qxd4 Rxd4 45. Rf8+ Kh7 46. Kf3 Rd1 47. Ke4 Rd2 48. e6 Rxa2 49. Kd5 Rd2+ 50. Kc6 Re2 51. Kd7 Rd2+ 52. Ke8 Rd3 53. e7 a5 54. Kf7 Rf3+ 55. Ke6 Re3+ 56. Kd6 Rd3+ 57. Kc6 1-0

[Event "Centrocoop June op-A"]
[Site "Eforie Nord "]
[Date "1998.??.??"]
[Round "?"]
[White "Iordache, Traian"]
[Black "Ghitescu, Theodor"]
[Result "0-1"]
[WhiteElo "2225"]
[BlackElo "2355"]
[PlyCount "61"]
[EventDate "1998.06.??"]
[EventType "swiss"]
[EventRounds "11"]
[EventCountry "ROU"]
[SourceTitle "EXT 2000"]
[Source "ChessBase"]
[SourceDate "1999.11.16"]
[SourceVersion "1"]
[SourceVersionDate "1999.11.16"]
[SourceQuality "1"]

1. d4 Nf6 2. Nf3 g6 3. c4 Bg7 4. Nc3 d6 5. e4 0-0 6. Be2 e5 7. 0-0 Nc6 8. d5 Ne7 9. Nd2 c5 10. a3 Ne8 11. b4 b6 12. Rb1 f5 13. a4 Nf6 14. bxc5 bxc5 15. Qc2 Kh8 16. exf5 gxf5 17. f4 Ng6 18. fxe5 Nxe5 19. Nf3 Nfg4 20. Nd1 Nxf3+ 21. Rxf3 Bd4+ 22. Kh1 Qh4 23. h3 Bd7 24. Bb2 Ne5 25. Bxd4 cxd4 26. Rf1 f4 27. Nf2 f3 28. Bxf3 Nxf3 29. gxf3 Rxf3 30. Qe2 Raf8 31. Ne4 0-1

[Event "Centrocoop June op-A"]
[Site "Eforie Nord "]
[Date "1998.??.??"]
[Round "?"]
[White "Iordache, Traian"]
[Black "Sharovatova, Anastasia"]
[Result "1-0"]
[WhiteElo "2225"]
[BlackElo "2000"]
[PlyCount "66"]
[EventDate "1998.06.??"]
[EventType "swiss"]
[EventRounds "11"]
[EventCountry "ROU"]
[SourceTitle "EXT 2000"]
[Source "ChessBase"]
[SourceDate "1999.11.16"]
[SourceVersion "1"]
[SourceVersionDate "1999.11.16"]
[SourceQuality "1"]

1. d4 d5 2. Nf3 c6 3. c4 e6 4. e3 Nf6 5. Nc3 Bd6 6. Qc2 Nbd7 7. Be2 0-0 8. 0-0 e5 9. cxd5 cxd5 10. Nb5 Bb8 11. dxe5 Nxe5 12. b3 Bg4 13. Nbd4 Qd6 14. Nxe5 Qxe5 15. g3 Bh3 16. Rd1 Rc8 17. Qd3 Ne4 18. Bb2 Qf6 19. Bf3 Qg6 20. Ne2 Bc7 21. Qxd5 Ng5 22. Rac1 Nxf3+ 23. Qxf3 Bg4 24. Qxb7 Bxe2 25. Rxc7 Rcb8 26. Rdc1 Qf5 27. Qc6 Bf3 28. Qc3 f6 29. Qc4+ Bd5 30. Qf4 Qh3 31. Rxg7+ Kh8 32. e4 Rc8 33. Bxf6 Rxc1+ 1-0

[Event "Centrocoop Sept op-A"]
[Site "Eforie Nord"]
[Date "1998.??.??"]
[Round "?"]
[White "Potkin, Vladimir"]
[Black "Iordache, Traian"]
[Result "1-0"]
[WhiteElo "2300"]
[BlackElo "2225"]
[PlyCount "99"]
[EventDate "1998.09.??"]
[EventType "swiss"]
[EventRounds "11"]
[EventCountry "ROU"]
[SourceTitle "EXT 2000"]
[Source "ChessBase"]
[SourceDate "1999.11.16"]
[SourceVersion "1"]
[SourceVersionDate "1999.11.16"]
[SourceQuality "1"]

1. e4 c5 2. c3 d5 3. exd5 Qxd5 4. d4 Nc6 5. Nf3 Bg4 6. Be2 cxd4 7. cxd4 e6 8. 0-0 Nf6 9. Nc3 Qa5 10. Be3 Bd6 11. h3 Bh5 12. a3 0-0 13. b4 Qd8 14. Qb3 Rc8 15. Rfd1 Ne7 16. Bg5 Nfd5 17. Nxd5 exd5 18. Rac1 Rxc1 19. Rxc1 f6 20. Be3 Bb8 21. Qc2 Qd7 22. Ne5 Qe8 23. Bxh5 Qxh5 24. Nd7 Rd8 25. Nxb8 Rxb8 26. Qc7 Qe8 27. Bf4 Rc8 28. Qxb7 Rxc1+ 29. Bxc1 Qc6 30. Qxc6 Nxc6 31. Be3 a6 32. Kf1 Na7 33. a4 Nc6 34. b5 axb5 35. axb5 Na5 36. Ke2 Kf7 37. Kd3 Ke6 38. Kc3 Nb7 39. Kb4 Kd7 40. Bf4 Nd8 41. Ka5 g5 42. Be3 Kc7 43. Ka6 Nb7 44. f4 h6 45. fxg5 hxg5 46. Bg1 Nd8 47. Bh2+ Kc8 48. b6 Nb7 49. Bc7 f5 50. g3 1-0

[Event "Centrocoop op"]
[Site "Eforie Nord"]
[Date "1997.??.??"]
[Round "?"]
[White "Iordache, Traian"]
[Black "Ciobanu, Aurelian"]
[Result "0-1"]
[WhiteElo "2175"]
[BlackElo "2215"]
[PlyCount "86"]
[EventDate "1997.??.??"]
[EventType "swiss"]
[EventRounds "11"]
[EventCountry "ROU"]
[SourceTitle "EXT 2010"]
[Source "ChessBase"]
[SourceDate "2010.11.25"]
[SourceVersion "1"]
[SourceVersionDate "2010.11.25"]
[SourceQuality "1"]

1. d4 Nf6 2. Nf3 e6 3. c4 Nc6 4. a3 d6 5. Bg5 Be7 6. Nc3 0-0 7. e4 h6 8. Bxf6 Bxf6 9. Be2 e5 10. d5 Nd4 11. 0-0 c5 12. Ne1 Bg5 13. b4 b6 14. Nd3 f5 15. a4 Ba6 16. b5 Bc8 17. a5 h5 18. f4 exf4 19. e5 dxe5 20. Nxe5 Bf6 21. Ng6 Re8 22. Ra2 a6 23. Nxf4 Re3 24. Bd3 axb5 25. Nxb5 Nxb5 26. cxb5 bxa5 27. Nxh5 Bd4 28. Kh1 Qxd5 29. Ra4 Qe5 30. Ng3 f4 31. Ne2 Bg4 32. Qb3+ Be6 33. Qc2 Kh8 34. b6 Bd5 35. Nxd4 cxd4 36. Bc4 Be4 37. Qb2 Rb8 38. Ba6 Rc3 39. b7 Rc2 40. Qxd4 Bxg2+ 41. Kg1 Qxd4+ 42. Rxd4 Bxf1 43. Kxf1 Rxh2 0-1